01031 2200349 4500001002100000005001500021035002000036007000300056040001700059100003100076245010200107250000900209300004000218020002200258041000800280082001200288084001800300090002800318264004200346336002100388337003000409338002300439500002900462650001200491700003100503850001000534008004100544990002400585990002400609990002400633990002400657INLIS00000000000957120260417084754 a0010-1222000176ta aSBPUPADbind aIbunda Suparni;ePengarang1 aHerbal Bali :bKhasiat dan Ramuan Tradisional Dari Bali /cIbunda Suparni, Editor; Arie Prabawati aEd.1 ax + 246 hlm. :bilus. ;c14 x 21 cm a978-979-29-6083-90 aind a615.321 a615.321 IBU h a615.321 IBU h L 17 R 10 aYogyakarta :bRapha Publishing,c2017 2rdacontentateks 2rdamediaatanpa perantara 2rdacarrieravolume aTentang Penulis, hlm 243 4aHerbal, aArie Prabawati,ePengarang aPUPAD260417 0  a34.191/DAK/DPK/2019 a34.193/DAK/DPK/2019 a34.192/DAK/DPK/2019 a34.194/DAK/DPK/2019